[Event "ISR-ch"]
[Site "Maalot Tarshiha"]
[Date "2018.12.14"]
[Round "3"]
[White "Gruenfeld, Yehuda"]
[Black "Iliaguev, Nisim"]
[Result "1-0"]
[WhiteElo "2421"]
[BlackElo "2338"]
[PlyCount "129"]
[EventDate "2018.12.12"]
[EventType "swiss"]
[EventRounds "9"]
[EventCountry "ISR"]
[SourceTitle "CBM 187 Extra"]
[Source "ChessBase"]
[SourceDate "2018.11.04"]
[SourceVersion "1"]
[SourceVersionDate "2018.11.04"]
[SourceQuality "1"]

1. e4 c5 2. Nf3 e6 3. d4 cxd4 4. Nxd4 Nc6 5. Nc3 Qc7 6. Be2 Nf6 7. 0-0 Be7 8. Be3 0-0 9. f4 d6 10. Kh1 Nxd4 11. Qxd4 e5 12. Qd3 a6 13. a4 b6 14. Qc4 Qxc4 15. Bxc4 Rb8 16. f5 Bb7 17. Bg5 Rbc8 18. Bxf6 Bxf6 19. Bb3 Rfd8 20. Rad1 Bc6 21. Nd5 Bxd5 22. Rxd5 Kf8 23. Rd3 Rc5 24. c3 b5 25. a5 Be7 26. Bd5 Rb8 27. b4 Rc7 28. Rc1 Rbc8 29. Kg1 Rb8 30. Kf2 Rbc8 31. Ke2 Ke8 32. Rg3 Kf8 33. Kd3 h6 34. Rf3 Ke8 35. Rc2 Bg5 36. Rf1 Be7 37. Rb1 Rc4 38. Bxc4 Rxc4 39. Rd1 Bg5 40. Re2 Kd7 41. g3 Be7 42. Rf1 Ke8 43. h4 f6 44. Rd1 Kd7 45. Re3 Kc7 46. Ke2 Kd7 47. Kf3 Ke8 48. Kg4 Kf8 49. Kh5 Kf7 50. g4 Rc7 51. Red3 Rc6 52. R1d2 Bf8 53. g5 fxg5 54. hxg5 hxg5 55. Kxg5 Be7+ 56. Kg4 Bf8 57. Kf3 Be7 58. Rg2 Bf6 59. Rc2 Ke7 60. c4 Rxc4 61. Rxc4 bxc4 62. Rc3 d5 63. b5 Kd7 64. bxa6 Kc8 65. Rc2 1-0

[Event "Olympiad-43"]
[Site "Batumi"]
[Date "2018.10.05"]
[Round "11.1"]
[White "Babarykin, Stanislav"]
[Black "Gruenfeld, Yehuda"]
[Result "1/2-1/2"]
[WhiteElo "2396"]
[BlackElo "2418"]
[PlyCount "71"]
[EventDate "2018.09.24"]
[EventType "team-swiss"]
[EventRounds "11"]
[EventCountry "GEO"]
[SourceTitle "CBM 187"]
[Source "ChessBase"]
[SourceDate "2018.12.11"]
[SourceVersion "1"]
[SourceVersionDate "2018.12.11"]
[SourceQuality "1"]
[WhiteTeam "IBCA"]
[BlackTeam "ICCD"]

1. d4 Nf6 2. Bf4 e6 3. e3 c5 4. c3 d5 5. Nd2 Bd6 6. Bg3 0-0 7. Ngf3 Nc6 8. Bb5 Qe7 9. Bxc6 bxc6 10. Qa4 cxd4 11. cxd4 Bd7 12. Bxd6 Qxd6 13. 0-0 Rfb8 14. Qc2 a5 15. Rfc1 Be8 16. b3 a4 17. Ne5 Rb7 18. bxa4 Qa3 19. Nb3 Qxa4 20. Nc5 Qxc2 21. Rxc2 Rba7 22. a4 Ne4 23. Ned3 Nd6 24. Rb2 Kf8 25. Rab1 Ke7 26. f3 Rc7 27. Kf2 f6 28. Rb8 Raa7 29. Nb4 Ra5 30. Nba6 Ra7 31. R1b6 e5 32. g4 g5 33. Nb4 Rc7 34. Rxe8+ Kxe8 35. Nxc6 Nc8 36. Ra6 1/2-1/2